Statistiques concernant F1 Constructor Winners

Cliquez ici pour prendre le quiz!

Statistiques générales

  • Ce quiz a été pris 842 fois
  • Le résultat moyen est 53 sur 64

Statistiques - réponses

AnnéeConstructor% Correct
2008Ferrari
100%
2007Ferrari
100%
1999Ferrari
100%
1961Ferrari
100%
2000Ferrari
100%
2001Ferrari
100%
1964Ferrari
100%
1983Ferrari
100%
1982Ferrari
100%
2002Ferrari
100%
2003Ferrari
100%
1979Ferrari
100%
2004Ferrari
100%
1977Ferrari
100%
1976Ferrari
100%
1975Ferrari
100%
2021Mercedes
100%
2015Mercedes
100%
2014Mercedes
100%
2016Mercedes
100%
2017Mercedes
100%
2018Mercedes
100%
2019Mercedes
100%
2020Mercedes
100%
2010Red Bull
99%
2011Red Bull
99%
2012Red Bull
99%
2013Red Bull
99%
1991McLaren
95%
1998McLaren
95%
1990McLaren
95%
1989McLaren
95%
1985McLaren
95%
1988McLaren
95%
1974McLaren
95%
1984McLaren
95%
2006Renault
91%
2005Renault
91%
1996Williams
89%
1992Williams
89%
1987Williams
89%
1986Williams
89%
1994Williams
89%
1981Williams
89%
1980Williams
89%
1997Williams
89%
1993Williams
89%
1965Lotus
64%
1972Lotus
64%
1978Lotus
64%
1973Lotus
64%
1963Lotus
64%
1968Lotus
64%
1970Lotus
64%
1995Benetton
56%
2009Brawn
54%
1967Brabham
38%
1966Brabham
38%
1971Tyrrell
24%
1959Cooper
20%
1960Cooper
20%
1962BRM
17%
1969Matra
15%
1958Vanwall
15%

Distribution des résultats

Percentile par nombre de réponses

% des personnes avec chaque résultat

Votre développement - résultats

Vous n’avez pas pris ce quiz